000 00555nam a22002297a 4500
003 UA-OsUOA
001 116444
007 ta
008 20160314b un ||||| |||| 00| 0 ukr d
100 _aДруца Я.
700 _aКостюченко О.
090 _a908
_bД76
942 _cSA
040 _aUA-OsUOA
_bukr
_cUA-OsUOA
_dUA-OsUOA
245 _aОстрозька академія для Острога
300 _aС.7
955 _a0
041 _aukr
080 _a908
773 0 _w116442
650 7 _a908 Краєзнавство
_2UDC
999 _c402317
_d402317